Logo CIB grande

Management systems and performance frameworks for sustainability (Registro nro. 237490)

Detalles MARC
000 -LEADER
campo de control de longitud fija 00651nam a2200205Ia 4500
005 - FECHA Y HORA DE LA ÚLTIMA TRANSACCIÓN
campo de control 20250425162834.0
008 - DATOS DE LONGITUD FIJA--INFORMACIÓN GENERAL
campo de control de longitud fija 250425s9999 xx 000 0 und d
020 ## - NÚMERO INTERNACIONAL ESTÁNDAR DEL LIBRO
Número Internacional Estándar del Libro 9781138648746
041 ## - CÓDIGO DE IDIOMA
Código de lengua del texto/banda sonora o título independiente eng
082 ## - NÚMERO DE LA CLASIFICACIÓN DECIMAL DEWEY
Número de clasificación 658.4013
Iniciales del Autor JAM
010 ## - NÚMERO DE CONTROL DE LA BIBLIOTECA DEL CONGRESO
Número de control de LC 112322
100 ## - ENTRADA PRINCIPAL--NOMBRE DE PERSONA
Nombre de persona James, Lowellymes
245 #0 - MENCIÓN DEL TÍTULO
Título Management systems and performance frameworks for sustainability
Resto del título A road map for sustainably managed enterprises
Mención de responsabilidad, etc. Lowellyne James
260 ## - PUBLICACIÓN, DISTRIBUCIÓN, ETC.
Lugar de publicación, distribución, etc. New York
Nombre del editor, distribuidor, etc. Routledge
Fecha de publicación, distribución, etc. 2018
300 ## - DESCRIPCIÓN FÍSICA
Extensión 241 páginas
650 ## - PUNTO DE ACCESO ADICIONAL DE MATERIA--TÉRMINO DE MATERIA
Término de materia o nombre geográfico como elemento de entrada Desarrollo sostenible
650 ## - PUNTO DE ACCESO ADICIONAL DE MATERIA--TÉRMINO DE MATERIA
Término de materia o nombre geográfico como elemento de entrada Pequeña empresa-Aspectos ambientales
650 ## - PUNTO DE ACCESO ADICIONAL DE MATERIA--TÉRMINO DE MATERIA
Término de materia o nombre geográfico como elemento de entrada Gestión total de la calidad
942 ## - ELEMENTOS DE ENTRADA SECUNDARIOS (KOHA)
Tipo de ítem Koha Libros
Existencias
Estatus retirado Estado de pérdida Fuente de la clasificación o esquema de estantería Estado de daño No para préstamo Biblioteca de origen Biblioteca actual Fecha de adquisición Coste, precio normal de compra Etiqueta RFID Total de préstamos Signatura topográfica completa Código de barras Visto por última vez Copia número Fecha de reemplazo Tipo de ítem Koha Nota pública forma de adquisición
    Clasificación Decimal Dewey     ESCUELA DE NEGOCIOS CENTRO DE INFORMACIÓN BIBLIOTECARIA 09/12/2022 70.00 0000000000000000035765   658.4013 JAM 80714 08/08/2025 1 08/08/2025 Libros CIB Compra / Multilibro

Copyright 2025 ESPOL. Todos los derechos reservados.